<?xml version="1.0" encoding="UTF-8"?>
<marc:record xmlns:marc="http://www.loc.gov/MARC21/slim">
   <marc:leader>00000nam a2200000 a 4500</marc:leader>
   <marc:datafield ind1="0" ind2="0" tag="245">
      <marc:subfield code="a">Zauber einer Weihnachtsnacht, 1 DVD</marc:subfield>
   </marc:datafield>
   <marc:datafield ind1="0" ind2="0" tag="245">
      <marc:subfield code="b">Regisseur Douglas Barr; Schauspieler Tiffani Thiessen; Josh Hopkins; Bailee Madison</marc:subfield>
   </marc:datafield>
   <marc:datafield ind1="1" ind2=" " tag="520">
      <marc:subfield code="a">Elfe Clementine ist in heller Aufregung. Nordpol, ihre und des Weihnachtsmanns Heimatstadt sowie Knotenpunkt der Geschenkeproduktion, ist dem Untergang geweiht. Gespeist aus der Weihnachtsvorfreude der Menschen droht das lebensspendende Nordlicht zu erlöschen, da inzwischen niemand mehr die Zeit und die Ruhe hat, sich richtig auf Weihnachten zu freuen. Wer hilft die liebgewonnenen Weihnachtstraditionen zu retten? Als einzige Hoffnung bleibt nur der weihnachtsverrückte Kevin. Als Clementine Kontakt zu ihm aufnimmt, glaubt dessen Reportermutter Chelsea zunächst, dass ihr Sohn an Wahnvorstellungen leidet. Aber Kevin und Clementine geben nicht auf, Chelsea davon zu überzeugen, dass es das Wunder der Weihnacht tatsächlich gibt. Hilfe bekommen die beiden von Kevins charismatischem Lehrer Ryan und gemeinsam könnte es ihnen gelingen - nicht nur - Weihnachten zu retten.</marc:subfield>
   </marc:datafield>
   <marc:datafield ind1=" " ind2=" " tag="020">
      <marc:subfield code="a">4260394337700</marc:subfield>
      <marc:subfield code="9">4260394337700</marc:subfield>
   </marc:datafield>
   <marc:datafield ind1=" " ind2=" " tag="500">
      <marc:subfield code="a">Sprache: Deutsch</marc:subfield>
   </marc:datafield>
   <marc:datafield ind1="0" ind2=" " tag="490">
      <marc:subfield code="v">0</marc:subfield>
   </marc:datafield>
   <marc:datafield ind1=" " ind2=" " tag="300">
      <marc:subfield code="a">81 Min.</marc:subfield>
   </marc:datafield>
</marc:record>
